000 00676nam a2200169 i 4500
001 24916
003 ES-MaACL
005 20230906153148.0
007 t|
008 021219s1959 sp ||||1| spa d
100 1 _aAngulo García, Ricardo.
_921787
245 1 0 _aDiccionario ortográfico y normas gramaticales adaptadas a las nuevas normas de la Real Academia de la Lengua, declaradas de aplicación desde el 1 de enero de 1959 /
_cRicardo Angulo García ; prólogo de Eugenio de Bustos Tovar.
260 _a[Madrid :
_bs.n.,
_c1959] (
_fArtes Gráficas Ibarra)
300 _a343 p. ;
_c16 cm.
700 1 _aBustos, Eugenio de.
_932927
852 _aES-MaACL
_jC-18115
_bR.45642
999 _c24916
_d24916